LEADER 01100nam0 22002651i 450 001 UON00025092 005 20231205102036.640 100 $a20020107g13691990 |0itac50 ba 101 $aper 102 $aIR 105 $a|||| 1|||| 200 1 $aSahr-e eslami$fasar: Najmoddin Bammat 210 $aTehran$cVezarat-e Farhang va Ersad-e Eslami$d1369 H. [1991] 271 p.$cill. ; 31 cm Trad. dal francese$etit.: Cités d'Islam. Paris$cArthaud$d1987) 510 1$3UON00354318$aCités d'Islam 606 $aCITTA' ISLAMICHE$3UONC007718$2FI 620 $aIR$dTihra?n$3UONL005570 686 $aVO XI$cVICINO ORIENTE - ARCHITETTURA$2A 700 1$aBAMMATE$bNadjm oud-Dine$3UONV016726$0233909 712 $aVezarat-e farhang va ersad-e eslami$3UONV247923$4650 801 $aIT$bSOL$c20240220$gRICA 899 $aSIBA - SISTEMA BIBLIOTECARIO DI ATENEO$2UONSI 912 $aUON00025092 950 $aSIBA - SISTEMA BIBLIOTECARIO DI ATENEO$dSI VO XI 005 $eSI SA 83356 7 005 996 $aSahr-e eslami$91201578 997 $aUNIOR